000 00636nam a2200217Ia 4500
003 GCL
008 140319s9999 xx 000 0 ara d
040 _aGCL /
_cGCL
082 0 4 _a822
_bش م
100 1 _aنظير عبود
245 1 0 _aمأساة كوريولانس /
_cنظير عبود
700 1 _aانطوان رزق الله مشاطى
260 _a[S.N] :
_bدار الجيل ،
_c1987
300 _a157 ص
490 _a
650 0 4 _aالمسرحيات
650 0 4 _aالادب الانجليزى
650 0 4 _aالمسرحيات الانجليزية
650 0 4 _aشكسبير، ويليام
942 _2ddc
_cBK
999 _c33945
_d33945